Accessible criterion to meet disabled children's needs (Record no. 107096)

MARC details
000 -LEADER
fixed length control field 01028cam a22002055a 4500
001 - CONTROL NUMBER
control field L138267
008 - FIXED-LENGTH DATA ELEMENTS--GENERAL INFORMATION
fixed length control field 070525e2006 xxk f 100 0 eng d
035 ## - SYSTEM CONTROL NUMBER
System control number (Sirsi) u138267
041 0# - LANGUAGE CODE
Language code of text/sound track or separate title eng
100 1# - MAIN ENTRY--PERSONAL NAME
Personal name Simpson, J.
245 00 - TITLE STATEMENT
Title Accessible criterion to meet disabled children's needs
Medium [electronic resource]
260 ## - PUBLICATION, DISTRIBUTION, ETC.
Place of publication, distribution, etc. London
Name of publisher, distributor, etc. RICS
Date of publication, distribution, etc. 2006
490 #0 - SERIES STATEMENT
Series statement COBRA
Volume/sequential designation 2006
520 ## - SUMMARY, ETC.
Summary, etc. Provides a review of the needs of disabled children and of the guidance available to designers. Discusses disability in terms of children, good practice, and provides a statistical evaluation of the numbers and levels of disability.
651 #4 - SUBJECT ADDED ENTRY--GEOGRAPHIC NAME
Geographic name England and Wales
Chronological subdivision 1543-
690 ## - LOCAL SUBJECT ADDED ENTRY--TOPICAL TERM (OCLC, RLIN)
Topical term or geographic name as entry element MANAGEMENT-BUSINESS MANAGEMENT-DISCRIMINATION-DISABILITY DISCRIMINATION-ACCESSIBILITY
711 2# - ADDED ENTRY--MEETING NAME
Meeting name or jurisdiction name as entry element Construction and Building Research Conference
Location of meeting University College London, London
Date of meeting or treaty signing 7-8 September 2006
856 40 - ELECTRONIC LOCATION AND ACCESS
Uniform Resource Identifier <a href="https://www.rics.org/site/scripts/download_info.aspx?downloadID=2860">https://www.rics.org/site/scripts/download_info.aspx?downloadID=2860</a>
Public note View the item free of charge at www.rics.org...
942 ## - ADDED ENTRY ELEMENTS (KOHA)
Suppress in OPAC 0
Holdings
Withdrawn status Lost status Source of classification or shelving scheme Damaged status Not for loan Home library Current library Shelving location Date acquired Total Checkouts Full call number Barcode Date last seen Copy number Price effective from Koha item type
    Dewey Decimal Classification     Virtual Virtual Online 25/05/2007   ONLINE PUBLICATION 138267-2001 06/08/2019 1 06/08/2019 Book